Bird's Basic Engineering Mathematics (Record no. 3837)

MARC details
005 - DATE AND TIME OF LATEST TRANSACTION
control field 20250612103737.0
020 ## - INTERNATIONAL STANDARD BOOK NUMBER
International Standard Book Number 978-0-367-64367-6
082 ## - DEWEY DECIMAL CLASSIFICATION NUMBER
Classification number 510.246 BIR
100 ## - MAIN ENTRY--PERSONAL NAME
Author name BIRD, J.
245 ## - TITLE STATEMENT
Title Bird's Basic Engineering Mathematics
250 ## - EDITION STATEMENT
Edition statement 8th Ed.
260 ## - PUBLICATION, DISTRIBUTION, ETC.
Place of publication, distribution, etc. London,
Name of publisher, distributor, etc. Taylor & Francis Group,
Date of publication, distribution, etc. 2021.
300 ## - PHYSICAL DESCRIPTION
Extent xii, 466p.: ill.; figure, picture, table.
Other physical details Index.
Dimensions 28cm.
856 ## - ELECTRONIC LOCATION AND ACCESS
Link text Access online book
Electronic name Mathematics
Path www.routledge.com/cw/bird
942 ## - ADDED ENTRY ELEMENTS (KOHA)
Source of classification or shelving scheme Dewey Decimal Classification
Koha item type Books
Holdings
Date last seen Total checkouts Full call number Barcode Cost, replacement price Price effective from Koha item type Lost status Source of classification or shelving scheme Damaged status Not for loan Withdrawn status Home library Current library Shelving location Date acquired Cost, normal purchase price
06/12/2025   510.246 BIR 00000012682 219596.82 06/12/2025 Books   Dewey Decimal Classification       College of Business Education Main Library College of Business Education Main Library General Collection 09/17/2024 73198.94
06/12/2025   510.246 BIR 00000012683 219596.82 06/12/2025 Books   Dewey Decimal Classification       College of Business Education Main Library College of Business Education Main Library General Collection 09/17/2024 73198.94
06/12/2025   510.246 BIR 00000012684 219596.82 06/12/2025 Books   Dewey Decimal Classification       College of Business Education Main Library College of Business Education Main Library General Collection 09/17/2024 73198.94
06/12/2025   510.246 BIR 00000012685 219596.82 06/12/2025 Books   Dewey Decimal Classification       College of Business Education Main Library College of Business Education Main Library General Collection 09/17/2024 73198.94
06/12/2025   510.246 BIR 00000012686 219596.82 06/12/2025 Books   Dewey Decimal Classification       College of Business Education Main Library College of Business Education Main Library General Collection 09/17/2024 73198.94